| 000 | 01347cam a22003497a 4500 | ||
|---|---|---|---|
| 003 | CHAP | ||
| 005 | 20220817042935.0 | ||
| 008 | 971013d1985 tw a r 00010 eng d | ||
| 010 | _a60597 | ||
| 011 | _a61569 | ||
| 035 | _a65735 | ||
| 040 | _cCHAP | ||
| 082 |
_a631.44 _bF6 |
||
| 110 | _aFood and Fertilizer Technology Center for the Asian and Pacific Region | ||
| 245 | 0 |
_aSoil taxonomy : _breview and use in the Asian and Pacific region |
|
| 260 |
_aTaiwan, Taipei : _bFood and Fertilizer Technology Center for the Asian and Pacific Region, _c1985 |
||
| 300 |
_a158 p. _b: ilus. ; gráfs. |
||
| 410 | _aFood and Fertilizer Technology Center for the Asian and Pacific Region | ||
| 490 | 0 |
_aFFTC. Book series _v; 29 |
|
| 590 |
_aBATCH-UPD _b10 _c20130110 _lUCH01 _h2022 |
||
| 590 |
_aBATCH-UPD _b10 _c20130410 _lUCH01 _h1340 |
||
| 590 |
_aBATCH-UPD _b10 _c20130914 _lUCH01 _h1704 |
||
| 590 |
_aCONVERSION _b10 _c20130109 _lUCH01 _h1333 |
||
| 650 | 1 | 4 |
_aSuelos _xClasificación. _9110239 |
| 810 | _aFood and Fertilizer Technology Center for the Asian and Pacific Region | ||
| 830 | 0 |
_aFFTC. Book series _v; 29 _940685 |
|
| 901 | _aBK | ||
| 905 | _aMarco A. Mendoza T. | ||
| 942 | _cLIBRO | ||
| 949 |
_a631.44 F6 _bBC _cLIBRO _d33724000561866 _eLIBRO _fc.2 _h73360 _i65735 _si |
||
| 949 |
_a631.44 F6 _bBC _cLIBRO _d33724000561874 _eLIBRO _h68049 _i65735 _si |
||
| 999 |
_c60597 _d60597 |
||